好きな総菜発表ドラゴンが発表している総菜 - Statistics

General Stats
  • This quiz has been taken 169 times
  • The average score is 5 of 12
Answer Stats
Hint Answer % Correct
からあげ
91%
ハンバーグ
76%
とんかつ
61%
とんかつ
61%
正式名称がわからない 肉を甘辛く炒めたやつ
47%
きんぴらごぼう ごぼうとにんじん炒めたやつ
33%
メンチカツ
32%
おひたし
31%
アジフライ
24%
肉じゃが
23%
エビチリ
20%
正式名称がわからない 甘酢の餡がかかってるやつ
19%
No matching quizzes found
Score Distribution
Percent of People with Each Score
Percentile by Number Answered
Your Score History
You have not taken this quiz